Dias 1925-1968 / (Record no. 74396)
[ view plain ]
| 000 -LEADER | |
|---|---|
| campo de control de longitud fija | 01011cam a22003373 4500 |
| 001 - NÚMERO DE CONTROL | |
| campo de control | 80600 |
| 005 - FECHA Y HORA DE LA ÚLTIMA TRANSACCIÓN | |
| campo de control | 20230410130432.0 |
| 008 - DATOS DE LONGITUD FIJA--INFORMACIÓN GENERAL | |
| campo de control de longitud fija | 080322s2007 xx 000 0 spa d |
| 035 ## - NÚMERO DE CONTROL DEL SISTEMA | |
| Número de control de sistema | (OCoLC)ocn213852606 |
| 040 ## - FUENTE DE CATALOGACIÓN | |
| Centro catalogador/agencia de origen | BTCTA |
| Centro/agencia transcriptor | BTCTA |
| Centro/agencia modificador | YDXCP |
| -- | BAKER |
| 020 ## - NÚMERO INTERNACIONAL ESTÁNDAR DEL LIBRO | |
| Número Internacional Estándar del Libro | 9788420632940 |
| 020 ## - NÚMERO INTERNACIONAL ESTÁNDAR DEL LIBRO | |
| Número Internacional Estándar del Libro | 8420632945 |
| 035 ## - NÚMERO DE CONTROL DEL SISTEMA | |
| Número de control de sistema | (OCoLC)213852606 |
| 049 ## - FONDOS LOCALES (OCLC) | |
| Biblioteca depositaria | GRAL |
| 050 14 - SIGNATURA TOPOGRÁFICA DE LA BIBLIOTECA DEL CONGRESO | |
| Número de clasificación | PA 5610 |
| Número de ítem | S453d 1997 |
| 100 1# - ENTRADA PRINCIPAL--NOMBRE DE PERSONA | |
| Nombre de persona | Seferis, Giorgos. |
| 245 10 - MENCIÓN DEL TÍTULO | |
| Título | Dias 1925-1968 / |
| Mención de responsabilidad, etc. | Yorgos Seferis. |
| 260 ## - PUBLICACIÓN, DISTRIBUCIÓN, ETC. | |
| Nombre del editor, distribuidor, etc. | Madrid : |
| -- | Alianza Editorial, |
| Fecha de publicación, distribución, etc. | 1997 |
| 490 1# - MENCIÓN DE SERIE | |
| Mención de serie | Alianza Tres ; |
| Designación de volumen o secuencia | 294 |
| 650 #4 - PUNTO DE ACCESO ADICIONAL DE MATERIA--TÉRMINO DE MATERIA | |
| Término de materia o nombre geográfico como elemento de entrada | Poesía griega - |
| Subdivisión cronológica | Siglo XX. |
| 650 #4 - PUNTO DE ACCESO ADICIONAL DE MATERIA--TÉRMINO DE MATERIA | |
| Término de materia o nombre geográfico como elemento de entrada | CES |
| 650 #4 - PUNTO DE ACCESO ADICIONAL DE MATERIA--TÉRMINO DE MATERIA | |
| Término de materia o nombre geográfico como elemento de entrada | COLECCION DE ENRIQUILLO SANCHEZ |
| 700 1# - ENTRADA AGREGADA--NOMBRE PERSONAL | |
| Nombre de persona | Fernandez Gonzalez, Vicente, |
| Término indicativo de función/relación | tr. |
| 830 #0 - PUNTO DE ACCESO ADICIONAL DE SERIE-TÍTULO UNIFORME | |
| Título uniforme | Alianza Tres ; |
| Designación de volumen o secuencia | 294. |
| 942 ## - ELEMENTOS DE ENTRADA SECUNDARIOS (KOHA) | |
| Fuente del sistema de clasificación o colocación | Clasificación de Library of Congress |
| Tipo de ítem Koha | |
| 946 ## - PROCESAMIENTO DE INFORMACIÓN LOCAL (OCLC) | |
| a | sadt |
| 938 ## - | |
| -- | Baker and Taylor |
| -- | BTCP |
| -- | BK0007698125 |
| 938 ## - | |
| -- | YBP Library Services |
| -- | YANK |
| -- | 2792318 |
| 938 ## - | |
| -- | Baker & Taylor |
| -- | BKTY |
| -- | 49.95 |
| -- | 49.95 |
| -- | 8420632945 |
| -- | 0007698125 |
| -- | active |
| 994 ## - | |
| -- | C0 |
| -- | DRFGD |
| Estatus retirado | Estado de pérdida | Fuente del sistema de clasificación o colocación | Estado de daño | No para préstamo | Colección | Biblioteca de origen | Biblioteca actual | Ubicación en estantería | Fecha de adquisición | Serial enumeration / chronology | Signatura topográfica completa | Código de barras | Visto por última vez | Copia número | Tipo de ítem Koha |
|---|---|---|---|---|---|---|---|---|---|---|---|---|---|---|---|
| Clasificación de Library of Congress | Humanidades | Biblioteca Juan Bosch | Biblioteca Juan Bosch | Humanidades (4to. Piso) | 10/04/2023 | 1 | PA 5610 S453d 1997 | 00000065639 | 25/10/2018 | 1 |
